Statistics for Stations on the LNER (UK)

Click here to take the quiz!

General Stats

  • This quiz has been taken 54 times
    (5 since last reset)
  • The average score is 37 of 57

Answer Stats

BranchAnswer% Correct
Scottish CoastAberdeen
100%
MainBerwick-upon-Tweed
100%
MainDarlington
100%
MainDoncaster
100%
Scottish CoastDundee
100%
MainDurham
100%
MainEdinburgh Waverley
100%
HighlandsInverness
100%
LincsLincoln
100%
MainLondon King's Cross
100%
Main
(Limited)
Morpeth
100%
MainNewcastle
100%
HighlandsPerth
100%
HighlandsStirling
100%
MainYork
100%
Main
(Limited)
Alnmouth
80%
Main
(Limited)
Dunbar
80%
GlasgowGlasgow Central
80%
MainGrantham
80%
HarrogateHarrogate
80%
MainHaymarket (Edinburgh)
80%
YorkshireLeeds
80%
EaglescliffeMiddlesbrough
80%
Scottish CoastMontrose
80%
Main
(Limited)
Northallerton
80%
MainPeterborough
80%
SkiptonSkipton
80%
MainStevenage
80%
Tyne & WearSunderland
80%
BradfordBradford Forster Square
60%
HighlandsFalkirk Grahamston
60%
HumberHull
60%
Scottish CoastInverkeithing
60%
GlasgowMotherwell
60%
MainNewark Northgate
60%
Main
(Limited)
Retford
60%
Scottish CoastArbroath
40%
HighlandsAviemore
40%
HumberBrough
40%
HighlandsDunblane
40%
HighlandsDunkeld & Birnam
40%
SkiptonKeighley
40%
HighlandsKingussie
40%
Scottish CoastKirkcaldy
40%
Scottish CoastLeuchars
40%
HumberSelby
40%
YorkshireShipley
40%
Scottish CoastStonehaven
40%
YorkshireWakefield Westgate
40%
HighlandsBlair Atholl
20%
HighlandsCarrbridge
20%
HighlandsGleneagles
20%
HarrogateHorsforth
20%
HighlandsNewtonmore
20%
HighlandsPitlochry
20%
MainReston
20%
EaglescliffeThornaby
20%

Score Distribution

Percentile by Number Answered

Percent of People with Each Score

Your Score History

You have not taken this quiz since the last reset